00511nam a2200133Ia 4500008004100000100002500041245005000066260006900116300001100185650002100196856006800217999001900285952007300304160712s9999 xx 000 0 und d aPascual, Chuckberry. cChuckberry PascualaAng mga Nawawalang Bangus c2014bLikhaan: The Journal of Contemporary Philippine Literature avol. 8 xMAIKLING KUWENTO uhttp://journals.upd.edu.ph/index.php/lik/issue/view/538/showToc c297201d297201 001040aCLbCLd2016-07-12l0r2016-07-12 00:00:00w2016-07-12yFEJ